000 01192nam a2200301 i 4500
001 106820
003 ES-MaACL
005 20231222172314.0
007 t|
008 061229s1963 sp a ||||1| spa d
080 _a7.036(460)(083.824)
080 _a7.092(460)
245 0 0 _aPremios de la Crítica de Madrid, Medalla de Oro Eugenio d'Ors, quinquenio 1958-1963
_b: [exposición, Sala de Santa Catalina del Ateneo de Madrid, julio de 1963] /
_c[texto, Carlos Antonio Areán].
260 _aMadrid :
_bPublicaciones Españolas,
_c1963.
300 _a[14] p. :
_bil. ;
_c18 cm.
490 1 _aCuadernos de arte. Colección extraordinaria ;
_v17
610 2 4 _aAteneo de Madrid-
_vExposiciones-
_y1960-1969.
_91920
650 1 4 _aArte español-
_yS.XX-
_vExposiciones.
_910206
655 7 _2tgfbne
_9193628
_aCatálogos de exposiciones
700 1 _aAreán, Carlos,
_d1921-1996
_922562
710 2 _aAteneo de Madrid.
_bSala de Santa Catalina.
_91964
830 0 _aCuadernos de arte. Colección extraordinaria ;
_v17
_9185320
852 _aES-MaACL
_j2212-F-13;
852 _aES-MaACL
_j2255-F-5;
852 _aES-MaACL
_j2255-F-4.
942 _2udc
999 _c106820
_d106820